La resiliencia en entornos socioeducativos : sentido, propuestas y expectativas /

Wedi'i Gadw mewn:
Manylion Llyfryddiaeth
Prif Awdur: Forés, Anna (ed.)
Awduron Eraill: Grané, Jordi (edición) (edición)
Fformat: Llyfr
Iaith:Sbaeneg
Cyhoeddwyd: Madrid, España : Narcea, 2012, c2012
Cyfres:(Colección Sociocultural)
Pynciau:
Tagiau: Ychwanegu Tag
Dim Tagiau, Byddwch y cyntaf i dagio'r cofnod hwn!

MARC

LEADER 00000nam^a2200000^a^4500
001 000325693
005 20250521000000.0
009 20260526140501.84
020 |a 978-84-277-1805-0 
037 |a Acervo ITESO - Biblioteca 
041 |a ESP 
082 |a 370. 153  |b FOR 
100 |a Forés, Anna  |e (ed.) 
245 1 3 |a La resiliencia en entornos socioeducativos :  |b sentido, propuestas y expectativas /  |c Ed. e introd. de A. Forés, J. Grané. 
264 4 |a Madrid, España :  |b Narcea,  |c 2012, c2012 
300 |a 167 p. 
336 |a texto  |b txt  |2 rdacontenido 
337 |a sin mediación  |b n  |2 rdamedio 
338 |a volumen  |b nc  |2 rdasoporte 
440 1 |a (Colección Sociocultural) 
649 |a XX 
650 |a Niños -  |x Condiciones Psicológicas 
650 |a Alumnos -  |x Condiciones Psicológicas -  |x Tema Principal 
650 |a Cambio de Actitud 
650 |a Estilos de Afrontamiento 
650 |a Resiliencia Social -  |x Tema Principal 
650 |a Competencia Social 
650 |a Problemas Sociales 
650 |a Práctica Educativa 
650 |a Educación y Sociedad 
650 |a Psicología Social 
650 |a Psicología Educativa 
700 |a Grané, Jordi  |e (edición) 
910 |a Fondo General 
920 |a Impresos - Libros 
930 |a Colección General 
905 |a 101 
901 |a 0500214119  |b IT1  |c ACC  |i C133983  |u 20250521 
902 |a https://opac.biblio.iteso.mx/vufind/Record/000325693